Nomi dei calciatori - Quiz n°12 - Statistics

Statistiche generali
  • Questo quiz è stato fatto 124 volte
  • Il punteggio medio è 8 su 10
Statistiche sulle risposte
Hint Risposta % Corretto
Nagatomo Yuto
96%
Anderson Felipe
89%
Gosens Robin
88%
Montipò Lorenzo
83%
Lopez Diego
81%
Cabral Arthur
79%
Berisha Etrit
67%
Manninger Alexander
66%
Araújo Ronald
65%
van der Vaart Rafael
41%
Nessun quiz corrispondente trovato
Distribuzione punteggi
Percentuale di utenti per punteggio
Percentile per numero di risposta
I tuoi punteggi nel tempo
Non hai fatto questo quiz